Southville International School and Colleges
Your cart is empty.
  • Cart
  • Lists
    Public lists Eva Luna New books Lux_list list_1
    Your lists Log in to create your own lists
  • Log in to your account
  • Your cookies
  • Search history
Southville International School and Colleges
  • Advanced search
  • Recent comments
  • Most popular
  • Libraries

Log in to your account

Log in with GOOGLE


If you do not have an external account, but do have a local account, you can still log in:

  1. Home
  2. MARC view: Fundamental maths /
Normal view MARC view ISBD view

Fundamental maths / (Record no. 22212)

[ view plain ]
MARC details
000 -LEADER
fixed length control field 00846nam a2200193 a 4500
005 - DATE AND TIME OF LATEST TRANSACTION
control field 20140310183355.0
008 - FIXED-LENGTH DATA ELEMENTS--GENERAL INFORMATION
fixed length control field 121126s19uu xx 00 eng d
020 ## - INTERNATIONAL STANDARD BOOK NUMBER
International Standard Book Number 9780230252080
050 ## - LIBRARY OF CONGRESS CALL NUMBER
Classification number QC 23
Item number .B828 2011
100 ## - MAIN ENTRY--PERSONAL NAME
Personal name Breach, Mark
245 ## - TITLE STATEMENT
Title Fundamental maths /
Statement of responsibility, etc Mark Breach.
260 ## - PUBLICATION, DISTRIBUTION, ETC. (IMPRINT)
Place of publication, distribution, etc Basingstoke ; New York :
Name of publisher, distributor, etc Palgrave Macmillan,
Date of publication, distribution, etc 2011.
300 ## - PHYSICAL DESCRIPTION
Extent xi, 380 p.
Dimensions 25 cm.
500 ## - GENERAL NOTE
General note Includes index
520 ## - SUMMARY, ETC.
Summary, etc A short, accessible textbook for students who are entering HE or FE courses and need to re-visit and develop school maths and gain confidence in it. The author explains the maths clearly through words and examples, not just pages of sums, and makes sure students put past anxieties about maths or gaps in their knowledge behind them
650 ## - SUBJECT ADDED ENTRY--TOPICAL TERM
Topical term or geographic name as entry element Mathematics
942 ## - ADDED ENTRY ELEMENTS (KOHA)
Koha item type Books
Source of classification or shelving scheme Library of Congress Classification
Call number prefix Foreign
Holdings
Withdrawn status Lost status Source of classification or shelving scheme Damaged status Home library Current library Shelving location Date acquired Source of acquisition Total Checkouts Full call number Barcode Date last seen Date checked out Price effective from Koha item type
    Library of Congress Classification   Archives Archives   11/26/2012 Donation 1 QC 23 .B828 2011 C15894 07/25/2018 07/17/2018 03/10/2014 Books

Fundamental maths /

APA

Breach M., . (2011). Fundamental maths. Basingstoke ; New York: Palgrave Macmillan.

Chicago

Breach Mark, . 2011. Fundamental maths. Basingstoke ; New York: Palgrave Macmillan.

Harvard

Breach M., . (2011). Fundamental maths. Basingstoke ; New York: Palgrave Macmillan.

MLA

Breach Mark, . Fundamental maths. Basingstoke ; New York: Palgrave Macmillan. 2011.

  • Place hold
  • Print
  • Cite
  • Add to your cart (remove)
  • Save record
    BIBTEX Dublin Core MARCXML MARC (non-Unicode/MARC-8) MARC (Unicode/UTF-8) MARC (Unicode/UTF-8, Standard) MODS (XML) RIS
  • More searches
    Search for this title in:
    Other Libraries (WorldCat) Other Databases (Google Scholar) Online Stores (Bookfinder.com) Open Library (openlibrary.org)

Exporting to Dublin Core...

SOUTHVILLE LIBRARY

Southville International School and Colleges Library

1281 Tropical Ave. Cor. Luxembourg St., BF Homes International, Las Pinas City

Tel. No. 8256374 / 252358 Loc. 117/146

Powered by Koha